[Event "Leutersdorf Muench Braeu op 10th"]
[White "Olbrig, Michael"]
[Black "Duenzel, Jonas"]
[Site "Leutersdorf"]
[Round "8"]
[Result "1-0"]
[Date "2005.02.??"]
[WhiteElo "1541"]
[BlackElo "1592"]
[PlyCount "113"]
[EventDate "2005.02.05"]
[EventType "swiss"]
[EventRounds "9"]
[EventCountry "GER"]
[SourceTitle "CBM 104 Extra"]
[Source "ChessBase"]
[SourceDate "2005.03.01"]
[SourceVersion "1"]
[SourceVersionDate "2005.03.01"]
[SourceQuality "1"]

1. e4 c5 2. Bc4 e6 3. Nc3 a6 4. a3 Nc6 5. Nf3 d6 6. d3 Nf6 7. Bd2 Be7 8. 0-0 0-0 9. Re1 b5 10. Ba2 Bb7 11. Ne2 Nd7 12. c3 Nde5 13. Nxe5 Nxe5 14. Bf4 Ng6 15. Qd2 Kh8 16. Be3 e5 17. f4 f5 18. fxe5 Nxe5 19. Nf4 Bc8 20. exf5 Rxf5 21. Bd5 Rb8 22. Qe2 g5 23. Nh5 Bb7 24. Bxb7 Rxb7 25. Ng3 Rf8 26. Bxc5 dxc5 27. Qxe5+ Kg8 28. Nf5 Bf6 29. Qe6+ Kh8 30. Re3 Rb6 31. Qe4 Qa8 32. Qxa8 Rxa8 33. Rae1 Kg8 34. Re8+ Rxe8 35. Rxe8+ Kf7 36. Rc8 c4 37. d4 Ke6 38. Ng3 Kd7 39. Rc5 Rc6 40. Rf5 h6 41. Ne4 Be7 42. Kf2 Re6 43. Ng3 Rf6 44. Rxf6 Bxf6 45. Ne4 Be7 46. Kf3 a5 47. Kg4 b4 48. a4 bxc3 49. bxc3 Ke6 50. Kh5 Bf8 51. Kg6 Kd5 52. Nc5 g4 53. Kf5 Be7 54. Kxg4 Bg5 55. Kf3 Bd2 56. Ne4 Bc1 57. g4 1-0

[Event "Leutersdorf Muench Braeu op 10th"]
[White "Olbrig, Michael"]
[Black "Melamed, Tatiana"]
[Site "Leutersdorf"]
[Round "1"]
[Result "0-1"]
[Date "2005.02.??"]
[WhiteElo "1541"]
[BlackElo "2302"]
[PlyCount "60"]
[EventDate "2005.02.05"]
[EventType "swiss"]
[EventRounds "9"]
[EventCountry "GER"]
[SourceTitle "CBM 104 Extra"]
[Source "ChessBase"]
[SourceDate "2005.03.01"]
[SourceVersion "1"]
[SourceVersionDate "2005.03.01"]
[SourceQuality "1"]

1. e4 c5 2. c4 Nc6 3. Nc3 g6 4. b3 Bg7 5. Bb2 Nf6 6. Nd5 Nd4 7. Bxd4 cxd4 8. Nxf6+ Bxf6 9. d3 e6 10. Nf3 d5 11. cxd5 exd5 12. exd5 0-0 13. Be2 Qxd5 14. 0-0 Be6 15. Rc1 Rac8 16. Rxc8 Rxc8 17. Qd2 Rc3 18. Qf4 Kg7 19. Rc1 Qc5 20. Rxc3 dxc3 21. Qc1 c2 22. Ne1 Qa5 23. Kf1 Qxa2 24. Qxc2 Qxb3 25. Qxb3 Bxb3 26. Nf3 Bc3 27. d4 a5 28. Ne5 a4 29. Nc4 b5 30. Na3 b4 0-1

[Event "Leutersdorf Muench Braeu op 10th"]
[White "Rackowiak, Hans"]
[Black "Olbrig, Michael"]
[Site "Leutersdorf"]
[Round "6"]
[Result "1-0"]
[Date "2005.02.??"]
[WhiteElo "1890"]
[BlackElo "1541"]
[PlyCount "123"]
[EventDate "2005.02.05"]
[EventType "swiss"]
[EventRounds "9"]
[EventCountry "GER"]
[SourceTitle "CBM 104 Extra"]
[Source "ChessBase"]
[SourceDate "2005.03.01"]
[SourceVersion "1"]
[SourceVersionDate "2005.03.01"]
[SourceQuality "1"]

1. d4 d5 2. Nf3 Nc6 3. Bf4 Nf6 4. h3 Bf5 5. c3 Bxb1 6. Rxb1 e6 7. e3 a6 8. a4 Bd6 9. Bxd6 cxd6 10. Be2 Na5 11. 0-0 0-0 12. Nd2 Rc8 13. f3 Nh5 14. b4 Nc4 15. Bxc4 dxc4 16. f4 g6 17. Qf3 d5 18. e4 f5 19. exd5 Qxd5 20. Rbe1 Qc6 21. Qxc6 Rxc6 22. Re5 Re8 23. b5 axb5 24. axb5 Rcc8 25. Kh2 Nf6 26. g3 Nd5 27. Rc1 Kf7 28. Nf3 h6 29. Re2 Kf6 30. h4 Re7 31. Ra2 b6 32. Ne5 Rec7 33. Kg2 Rb7 34. Kf3 Rg7 35. Ra4 Re7 36. Nc6 Rg7 37. Rxc4 h5 38. Ra4 Rgc7 39. c4 Ne7 40. Ne5 Ng8 41. c5 Ne7 42. c6 Kg7 43. Ke3 Nd5+ 44. Kd3 Nf6 45. Nc4 Nd5 46. Rca1 Kh6 47. Ra7 Nb4+ 48. Ke2 Nxc6 49. bxc6 Rxc6 50. Ne3 Rc1 51. Rxc1 Rxc1 52. Rb7 Rb1 53. d5 exd5 54. Nxd5 Rb2+ 55. Kf3 Rb3+ 56. Kg2 Rb2+ 57. Kh3 Rb1 58. Nf6 g5 59. hxg5+ Kg6 60. Ne8 h4 61. Rg7+ Kh5 62. Nf6# 1-0

[Event "Leutersdorf Muench Braeu op 08th"]
[White "Olbrig, Michael"]
[Black "Lubbe, Melanie"]
[Site "Leutersdorf"]
[Round "6"]
[Result "1/2-1/2"]
[Date "2003.02.14"]
[WhiteElo "1541"]
[BlackElo "1826"]
[PlyCount "107"]
[EventDate "2003.02.12"]
[EventType "swiss"]
[EventRounds "9"]
[EventCountry "GER"]
[SourceTitle "CBM 092 Extra"]
[Source "ChessBase"]
[SourceDate "2003.03.07"]
[SourceVersion "1"]
[SourceVersionDate "2003.03.07"]
[SourceQuality "1"]

1. e4 c5 2. Nf3 e6 3. c4 a6 4. Nc3 Qc7 5. d3 d6 6. b3 Nf6 7. Bb2 Be7 8. Be2 0-0 9. 0-0 Bd7 10. a4 Nc6 11. Qd2 Na7 12. h3 b5 13. axb5 axb5 14. Qe3 Rfb8 15. Rfb1 Ne8 16. Nd1 Rb7 17. Qc1 Rab8 18. Bc3 Nc6 19. d4 cxd4 20. Nxd4 bxc4 21. bxc4 Ne5 22. Rxb7 Rxb7 23. Nb5 Bxb5 24. Bxe5 Bxc4 25. Qxc4 dxe5 26. Qxc7 Nxc7 27. f3 g6 28. Rc1 Kg7 29. Kh2 Ne8 30. Ba6 Ra7 31. Bd3 Nd6 32. Rb1 f5 33. Bc2 Ra2 34. Rb2 Ra7 35. Rb1 Rc7 36. Bd3 Rd7 37. Bc2 Kf6 38. Bd3 Nxe4 39. Bxe4 fxe4 40. fxe4 Rd4 41. Nf2 h5 42. Kg3 Rc4 43. Kh2 Bd6 44. h4 Rc2 45. Rf1 Ke7 46. Nh3 Bc5 47. Rf3 Bd4 48. Ng5 Rf2 49. Rxf2 Bxf2 50. Kh3 Be3 51. Nf3 Kf6 52. g4 hxg4+ 53. Kxg4 Bf4 54. Ne1 1/2-1/2

[Event "Leutersdorf Muench Braeu op 08th"]
[White "Olbrig, Michael"]
[Black "Drossel, Christoph"]
[Site "Leutersdorf"]
[Round "3"]
[Result "1-0"]
[Date "2003.02.13"]
[WhiteElo "1541"]
[BlackElo "1366"]
[PlyCount "85"]
[EventDate "2003.02.12"]
[EventType "swiss"]
[EventRounds "9"]
[EventCountry "GER"]
[SourceTitle "CBM 092 Extra"]
[Source "ChessBase"]
[SourceDate "2003.03.07"]
[SourceVersion "1"]
[SourceVersionDate "2003.03.07"]
[SourceQuality "1"]

1. e4 c6 2. Nf3 d5 3. e5 Bf5 4. d4 e6 5. Bd3 Bxd3 6. Qxd3 Bb4+ 7. c3 Ba5 8. b4 Bc7 9. a4 a6 10. 0-0 Ne7 11. Bg5 0-0 12. Qd2 Nd7 13. Re1 b6 14. h3 c5 15. Na3 Re8 16. c4 dxc4 17. Nxc4 Qb8 18. dxc5 Qc8 19. Rad1 Nd5 20. cxb6 N7xb6 21. Nxb6 Bxb6 22. Rc1 Qb7 23. Rc4 Rec8 24. Rec1 Rxc4 25. Rxc4 h6 26. Bxh6 gxh6 27. Rg4+ Kf8 28. Qxh6+ Ke8 29. Rg8+ Ke7 30. Qg5+ Kd7 31. Qg7 Rxg8 32. Qxg8 Kc6 33. Qe8+ Qd7 34. Qa8+ Qb7 35. b5+ axb5 36. axb5+ Kc7 37. Qe8 f5 38. Qxe6 Bxf2+ 39. Kxf2 Qa7+ 40. Kg3 f4+ 41. Kh2 Qf2 42. Qxd5 Qg3+ 43. Kg1 1-0